00813nam a2200205 a 450000100100000000500170001000800410002704000250006811000710009324501290016426000350029330000330032850400310036170000280039270000290042070000270044904900090047695201050048599900170059000002659520200930030314.0110323s2006 000 spa d aDO-SdBNPbspacBNPHU1 aRepública DominicanabConsejo Nacional de Asuntos Urbanos95334710aLineamientos de políticas de desarrollo urbano para la ciudad de Mao /cJulio O. Corral, Angela Malagón, Evelio Toribio. aSanto Domingo :,c2006bCONAU. a233 p. :bil.,map. ;c28 cm. aBibliografía: p. 222-2261 aCorral, Julio O.9537011 aMalagón, Angela9439371 aToribio, Evelio944075 aBNPD 001050718MOaPDbPDcCTd2011-03-23iLF1l0o p26595-10r2020-06-25w2020-06-25y1ZNo se presta c26087d26087